|
|
|
|
| LEADER |
02048cam a2200493 i 4500 |
| 001 |
nkc20243624987 |
| 003 |
CZ PrNK |
| 005 |
20240829160035.0 |
| 007 |
ta |
| 008 |
240717t20242024xr a f 001 0 cze d |
| 015 |
|
|
|a cnb003624987
|
| 020 |
|
|
|a 978-80-7345-795-2
|q (vázáno) :
|c Kč 1495,00
|
| 035 |
|
|
|a (OCoLC)1455302047
|
| 040 |
|
|
|a KLG001
|b cze
|d BOA001
|d OLA001
|e rda
|
| 072 |
|
7 |
|a 616
|x Patologie. Klinická medicína
|2 Konspekt
|9 14
|
| 080 |
|
|
|a 616.24-002.17
|2 MRF
|
| 080 |
|
|
|a (048.8:082)
|2 MRF
|
| 100 |
1 |
|
|a Koziar Vašáková, Martina,
|d 1964-
|7 xx0104496
|4 aut
|
| 245 |
1 |
0 |
|a Intersticiální plicní procesy :
|b od etiopatogeneze přes radiologický obraz k histopatologické diagnóze /
|c Martina Koziar Vašáková, Jaroslav Polák, Eva Kočová, Radoslav Matěj
|
| 250 |
|
|
|a 3. aktualizované a rozšířené vydání
|
| 264 |
|
1 |
|a Praha :
|b Maxdorf,
|c [2024]
|
| 264 |
|
4 |
|c ©2024
|
| 300 |
|
|
|a 322 stran :
|b ilustrace (převážně barevné) ;
|c 28 cm
|
| 336 |
|
|
|a text
|b txt
|2 rdacontent
|
| 337 |
|
|
|a bez média
|b n
|2 rdamedia
|
| 338 |
|
|
|a svazek
|b nc
|2 rdacarrier
|
| 490 |
1 |
|
|a Jessenius
|
| 504 |
|
|
|a Obsahuje bibliografie a rejstřík
|
| 650 |
0 |
7 |
|a intersticiální plicní procesy
|7 ph134835
|2 czenas
|
| 650 |
0 |
9 |
|a interstitial lung processes
|2 eczenas
|
| 655 |
|
7 |
|a kolektivní monografie
|7 fd501537
|2 czenas
|
| 655 |
|
9 |
|a collective monographs
|2 eczenas
|
| 700 |
1 |
|
|a Polák, Jaroslav,
|d 1925-2022
|7 ola2002146736
|4 aut
|
| 700 |
1 |
|
|a Kočová, Eva,
|d 1978-
|7 mzk2015884531
|4 aut
|
| 700 |
1 |
|
|a Matěj, Radoslav,
|d 1974-
|7 xx0103860
|4 aut
|
| 830 |
|
0 |
|a Jessenius
|0 s
|
| 910 |
2 |
|
|a BOA001
|b 3-1529.062
|
| 920 |
|
|
|a 1626333
|z KLG001
|
| 990 |
|
|
|a BK
|
| 995 |
|
|
|a 01
|
| 991 |
|
|
|b 202408
|c NOV
|
| 996 |
6 |
|
|b 2610976495
|c 3-1529.062
|l MZK
|r Sklad / do 1 hodiny
|n 0
|p p.v.
|w 001972528
|u 000010
|a 1
|e BOA001
|j MZK50
|s P
|
| 996 |
6 |
|
|b 2610977138
|c 3-1529.062
|l MZK
|r STM 6p
|n 0
|p kup
|h 616.2 KOZ
|w 001972528
|u 000020
|a 0
|e BOA001
|j MZK50
|s P
|
| 996 |
7 |
|
|b 2610977139
|c 3-1529.062
|l Vol.výběr
|r VV 1p
|n 1
|p kup
|h 616.2 KOZ
|w 001972528
|u 000030
|a 0
|e BOA001
|j MZK50
|s A
|